000 00750nam a2200229Ia 4500
003 OSt
005 20220923225549.0
006 a|||||r|||| 00| 0
007 ta
008 Pun
024 _a271,335
037 _cTextual
040 _aARTS
_cARTS
_bPun
041 _2Pun
_aPun
082 _aV2y7M69, 153J4
100 _aਸਿੰਘ, ਗੁਰਮੁਖ, ਮੁਸਾਖ਼ਿਰ, ੳਗ.
_9168721
245 0 _aਗਾਂਧੀ ਗੀਤਾ
260 _aਨਵੀ੍ਵ ਦਿੱਲੀ
_b ਸਿਖ ਪਬਲFਿੰਗ ਹਾਉਸ
_c1954
650 _aਭਾਰਤੀਯ ਇਤਿਹਾਸ
942 _hV2y7M69, 153J4
_cTEXL
_2CC
999 _c379151
_d379151